00386nam a22001337a 4500010001300000020002400013035001300037082001200050100001400062245006400076260005300140270003700193300002200230 aB-168043 a8186623736c1000.00 aB-168043 a615.321 aPanda, H. aHand Book on Herbal Drugs and its Plant Sources /cH. Panda aDelhibNational Institute of Industrial Research a106-E, Kamla Nagar, Delhi-110007 a565p.b21cm. (HB)